Alternatíva k tradícii Nové typy fondov obchodovaných na burzách

Burzový fond, s ktorého cennými papiermi sa obchoduje na burze (exchange-traded funds, ETF) ako alternatíva k tradičným otvoreným podielovým fondom. Spôsob obchodovania s cennými papiermi burzových fondov. Skladba fondov. Dominantné postavenie fondov Spiders a Cubes na amerických burzách. Obligačné...

ver descrição completa

Na minha lista:
Detalhes bibliográficos
Autor principal: Bačišin, Vladimír
Formato: Capítulo de Livro
Idioma:eslovaco
Assuntos:
Tags: Adicionar Tag
Sem tags, seja o primeiro a adicionar uma tag!

MARC

LEADER 00000naa$a2200000$$$4500
001 0027847
005 20231009070154.3
041 0 |a slo 
044 |a SK 
245 1 0 |a Alternatíva k tradícii  |b Nové typy fondov obchodovaných na burzách  |c Vladimír Bačišin 
520 |a Burzový fond, s ktorého cennými papiermi sa obchoduje na burze (exchange-traded funds, ETF) ako alternatíva k tradičným otvoreným podielovým fondom. Spôsob obchodovania s cennými papiermi burzových fondov. Skladba fondov. Dominantné postavenie fondov Spiders a Cubes na amerických burzách. Obligačné burzové fondy. Indexové fondy Vanguard. 
610 2 0 |a financie 
610 2 0 |a investície 
610 2 0 |a trh kapitálový 
610 2 0 |a burzovníctvo 
610 2 0 |a fondy akciové 
610 2 0 |a fondy dlhopisové 
610 2 0 |a fondy podielové 
610 2 0 |a papiere cenné 
610 2 0 |a USA 
100 1 |a Bačišin, Vladimír